000
00298nam a2200109Ia 4500
008
180205s9999 xx 000 0 und d
020
_a
9719219807
100
_a
Arroyo, Estrella T.
245
4
_a
The literatures of the world /
260
_a
Naga City
_b
National bookstore
_c
1999
300
_a
425 pages
999
_c
354772
_d
354772